000 00485nam a2200169Ia 4500
008 090201s9999 xx 000 0 und d
010 _aKPL-49765
040 _bमराठी
041 _aमराठी
082 _a51382
_b49765
100 _aबाबा कदम
245 _aबादशाह
_cबाबा कदम
260 _c2007
_bश्रद्धा प्रकाशन
300 _a135
_bमोठा
600 _aबादशाह
942 _cBOOK
999 _c247862
_d247862